|
|
|
|
| LEADER |
00000cam a2200000 7i4500 |
| 001 |
0000090213 |
| 005 |
20211229093000.0 |
| 008 |
161127s2014 my may |
| 020 |
|
|
|a 9789670562605
|
| 040 |
|
|
|a UniSZA
|e rda
|
| 050 |
0 |
0 |
|a BP190.5.S95
|b Z85 2014
|
| 090 |
0 |
0 |
|a BP190.5.S95
|b Z85 2014
|
| 100 |
0 |
|
|a Zulkifli Mohamad al-Bakri ,
|d 1969- ,
|e author
|
| 245 |
1 |
0 |
|a Khinzir :
|b penciptaan & hukum-hukum
|c Dr. Zulkifli Mohmad Al Bakri
|
| 264 |
|
1 |
|a Nilai, Negeri Sembilan :
|b Pustaka Cahaya Kasturi
|c 2014
|
| 300 |
|
|
|a viii, 96 pages :
|b color illustration ;
|c 21 cm.
|
| 336 |
|
|
|a text
|2 rdacontent
|
| 337 |
|
|
|a unmediated
|2 rdamedia
|
| 338 |
|
|
|a volume
|2 rdacarrier
|
| 504 |
|
|
|a Includes bibliographical references
|
| 505 |
0 |
|
|a 1. Bab 1: Tafsiran Nas Al-Quran -- 2. Bab 2: Babi: definisi dan fakta -- 3. Bab 3; Nas dan dalil pengharaman Babi -- 4. Bab 4: Fatwa kebangsaan berkaitan Babi -- 5. Bab 5: Penyakit disebabkan Babi -- 6. bab 6: Isu berkaitan Babi -- 7. Bab 7: Perumpamaan Babi
|
| 650 |
|
0 |
|a Muslims
|x Dietary law
|
| 650 |
|
0 |
|a Swine
|x Religious aspects
|x Islam
|
| 650 |
|
0 |
|a Swine
|x Virus diseases
|
| 700 |
0 |
|
|a Muhammad Al-Hanif Mah Hassan ,
|e editor
|
| 999 |
|
|
|a 1000167373
|b Book
|c OPEN SHELF (30 DAYS)
|e Tembila Campus
|
| 999 |
|
|
|a 1000167374
|b Book
|c OPEN SHELF (30 DAYS)
|e Gong Badak Campus
|
| 999 |
|
|
|a 1000182034
|b Book
|c OPEN SHELF (30 DAYS)
|e Gong Badak Campus
|
| 999 |
|
|
|a 1000182035
|b Book
|c OPEN SHELF (30 DAYS)
|e Gong Badak Campus
|
| 999 |
|
|
|a 1000182037
|b Book
|c OPEN SHELF (30 DAYS)
|e Tembila Campus
|
| 999 |
|
|
|a 1000182038
|b Book
|c OPEN SHELF (30 DAYS)
|e Tembila Campus
|
| 999 |
|
|
|a 1000182039
|b Book
|c OPEN SHELF (30 DAYS)
|e Medical Campus
|
| 999 |
|
|
|a 1000182040
|b Book
|c OPEN SHELF (30 DAYS)
|e Medical Campus
|